Quizzes
Events
Quiz Creation
Community
Videos
Private Events
Remove Ads
Sign In
Join for FREE
Feedback
Dark Mode
Quiz Categories
Sports
Geography
Music
Movies
Television
Just For Fun
Miscellaneous
History
Literature
Language
Science
Gaming
Entertainment
Religion
Holiday
For Kids
Quiz Lab
Recent
Popular Today
Quiz Kudos Today
Editor Picks
Curator Picks
Quizzes by...
Day
Popularity
Type
Ratings
Length
Year
Community
Subscriptions
Recent Discussions
Orange Saloon
Badges
Playlists
Quests
Create
Leaderboards
Showdown
Live 5
Trivia Bingo
Activity
Puzzle Library
Sporcle Events
Private Events
Virtual Trivia
Globe League
Become a Host
Pub Owners
SporcleCon
Opinionation
Our Games
Videos
Blog
Mobile Apps
Partnerships
Remove Ads and Go Orange
Feedback
Sports
Athletes
MLB
NBA
NHL
NFL
Soccer
Sports Teams
WWE
NCAA
Football
Premier League
Basketball
Baseball
Hockey
Golf
Tennis
Cricket
Rugby
Auto Racing
Olympics
World Cup
Sports
Athletes
MLB
NBA
NHL
NFL
Soccer
Sports Teams
WWE
NCAA
Football
Premier League
Basketball
Baseball
Hockey
Golf
Tennis
Cricket
Rugby
Auto Racing
Olympics
World Cup
Random Quiz
Search Sporcle
×
Quiz Lab
Quiz Lab
Sports
Logo
Type in answers that appear in a list
Type in answers that appear in a list
Classic
Best Score? Go Orange.
US Pro Sports' Teams Without Letter Logos Stats
Can you name the US sports' teams without any letters on their logos?
By
nearlyextinct
5m
34 Questions
1,697 Plays
1,697 Plays
1,697 Plays
Comments
Comments
Give Quiz Kudos
Give Quiz Kudos
-
- Ratings
hide this ad
Replay
Link that replays current quiz
Next Quiz
Link to next quiz in quiz playlist
You Got
0%
They Got
Avg Score
44%
Avg Friend Score
Upgrade to see
Score Distribution
Jump to the score distribution portion of the page
Score
0/34
Timer
05:00
0
Plays Today
Team
% Correct
New England Patriots
63.6%
Dallas Cowboys
61.9%
Cleveland Browns
61.6%
Arizona Cardinals
58.4%
Florida Panthers
58%
Indianapolis Colts
57.7%
Philadelphia Eagles
56.9%
Minnesota Vikings
54.2%
Washington Redskins
52.3%
New Orleans Saints
51.9%
Jacksonville Jaguars
50.9%
Buffalo Bills
50.6%
Seattle Seahawks
50.5%
Detroit Lions
50.2%
Denver Broncos
48.9%
St, Louis Rams
48.5%
Houston Texans
48.1%
Team
% Correct
San Diego Chargers
48%
Detroit Red Wings
46.9%
Tampa Bay Buccaneers
44.8%
Pittsburgh Penguins
41.4%
Cleveland Indians
39.7%
Chicago Blackhawks
38.8%
Atlanta Thrashers
33.5%
San Jose Sharks
32.9%
Baltimore Orioles
32.8%
Carolina Hurricanes
29.8%
Los Angeles Kings
29.3%
St. Louis Blues
29.3%
Phoenix Coyotes
28%
Houston Astros
27.6%
Ottawa Senators
27.3%
Buffalo Sabres
27%
Columbus Blue Jackets
25.4%
Quiz Playlist
Details
Report
Send in Message
Add To Playlist
Classic:
Type in answers that appear in a list
Last Updated: Feb 16, 2017
Quiz Scoreboard
CHALLENGE
Sign Up to Join the Scoreboard
Show All
Scores
Hide
Comments
May contain spoilers
Recently Published
Click the 1999 NBA Draft
by nibperrychub
Sports
2m
Alphabetical 'K' Countries by Flag Minefield
by ylime102
Geography
3m
Pick 6: Fruits
by JohnFran
Miscellaneous
15s
More to Explore
Quiz From the Vault
Featured Blog Post
15 Basketball Trivia Facts You Can Be March Mad About
hide this ad
You Might Also Like...
Tags
Letter Quiz
Logo Quiz
pro
team
Today's Top Quizzes in Sports
Browse Sports
hide this ad
Today's Top Quizzes in Logo
Browse Logo
Top Contributed Quizzes in Sports
1
Don't Strike Out: 3000 Strikeouts
2
MLB 2 truths and a lie: Hall of Fame pitchers
3
Pick 6: NFL Teams
4
Criteria MLB: Left Handed Sluggers
5
MLB Players with Two .350 Batting Average Seasons
6
2022 World Cup Stars
7
Les joueurs à 100 buts en Ligue 1 Uber Eats
8
Millionaire: NBA Finals Edition
9
Pick 6: Minor League Baseball
10
Last 10 Members of the 500 HR Club in Order
Explore More
Trending Topics
NBA
Crossword
Marvel
Anime
Kpop
Harry Potter
Disney
Pokémon
Soccer
NFL
Country
The Office
Puzzle
WWE
Song
hide this ad
More By:
nearlyextinct
Quiz
Plays
Rating
Category
Featured
Created
NHL Captains
186,736
4.32
Sports
Sep 25, 2009
European Countries by Largest 'B' City
65,187
4.52
Geography
Aug 12, 2010
Countries of the Mongolian Empire
52,045
4.55
History
Mar 1, 2010
NFL Franchise's Most Wins Against
49,770
4.56
Sports
Dec 8, 2009
Countries of Europe (with a twist)
8,018
4.56
Geography
May 14, 2010
Go to Creator's Profile
Score Distribution
Quiz Creator Spotlight
nearlyextinct
Follow
Send a Message
Quizzes Created
-
Created Quiz Play Count
-
More By This Creator
Popular Quizzes Today
1
Find the US States - No Outlines Minefield
2
Countries of Asia Without Outlines Minefield
3
Pick 6: Fruits
4
The Countries of the World
5
Alphabetical 'K' Countries by Flag Minefield
6
Click the 1999 NBA Draft
7
Find the US States
8
Match the Book to the Film X
More Sports Quizzes
Pick 3 Basketball Teams
Published
Trending Quizzes
Pick 6: Harry Potter
Pick 6: Mountains
Pick 6: NFL Teams
Pick 6: Movie Franchises
Pick 6: Golfers
Recently Updated
Women's Final Four Teams by Year
bhenderson79
Presidents Quartet II
eogle
Anything But Clue(do)
eogle
Anything But Oceanian Capitals
eogle
Anything But 7
eogle
Anything But Thing
eogle
Word Ladder: February 29
pecheneg
Song Title Questions
pecheneg
Women's NCAA Tournament #1 Seeds
pecheneg
Celebrity Mug Shots
pecheneg
Trending Topics
NBA
Disney
Anime
Harry Potter
Kpop
Marvel
Crossword
Country
WWE
Soccer
Pokémon
Song
Puzzle
NFL
The Office
Your Account Isn't Verified!
In order to create a playlist on Sporcle, you need to verify the email address you used during registration. Go to your
Sporcle Settings
to finish the process.
Report this User
Report this user for behavior that violates our
Community Guidelines
.
Details:
Send Report
Go to the Sporcle.com Mobile Site →
Comments